| 000 | 01066nam0a22002651 4500 | ||
|---|---|---|---|
| 001 | rc\869014 | ||
| 005 | 20250622023747.0 | ||
| 035 | _a(NLR Aleph) 006047763 | ||
| 090 |
_a4772419 _c4772419 |
||
| 100 | _a20041129d1983 |||y0rusy50 ca | ||
| 101 | 0 | _arus | |
| 102 | _aRU | ||
| 105 | _aa ||||||||| | ||
| 200 | 1 |
_aТерриториальная система управления эффективностью и качеством работы _f[Подгот. В.Г. Шолкин, В.Г. Вихляев, В.М. Иванов и др.] |
|
| 210 |
_aМ. _cВНИИКИ _d1983 |
||
| 215 |
_a45 с. _cил. _d21 |
||
| 225 | 1 |
_aУправление качеством продукции _eОбзор. информ. _fВНИИКИ _vВып. 1 |
|
| 300 | _aВ надзаг. также: Гос. ком. СССР по стандартам | ||
| 320 | _aБиблиогр.: с. 39-40 | ||
| 702 | 1 |
_aШолкин _bВ.Г. _gВалерий Георгиевич _4570 |
|
| 801 | 0 |
_aRU _bNLR _gpsbo |
|
| 801 | 1 |
_aRU _bELAR _2rusmarc |
|
| 852 |
_aNLR _jП22/4799 |
||
| 942 | _cBOOK | ||
| 980 | _aNB | ||